Nazioni Vincitori Coppa del Mondo di sci alpino - Statistics

Statistiche generali
  • Questo quiz è stato fatto 31 volte
  • Il punteggio medio è 13 su 14
Statistiche sulle risposte
Continente Coppe maschili Coppe femminili Totale coppe Nazione % Corretto
Europa 6 2 8 Italia
100%
America del Nord 5 10 15 Stati Uniti
100%
Europa 17 17 34 Austria
97%
Europa 4 1 5 Francia
97%
Europa 3 3 6 Svezia
97%
Europa 11 13 24 Svizzera
97%
America del Nord 0 2 2 Canada
94%
Europa 0 4 4 Germania
94%
Europa 6 0 6 Norvegia
94%
Europa 0 1 1 Slovenia
90%
Europa 0 1 1 Slovacchia
84%
Europa 1 3 4 Croazia
81%
Europa 5 0 5 Lussemburgo
81%
Europa 1 2 3 Liechtenstein
77%
Nessun quiz corrispondente trovato
Distribuzione punteggi
Percentuale di utenti per punteggio
Percentile per numero di risposta
I tuoi punteggi nel tempo
Non hai fatto questo quiz